000 00685nam a2200253 i 4500
001 C2-0071474
003 PPAK
005 20190630222156.0
008 970429s1984 enka|||| ||||| | eng d
020 _a0245542205
040 _aPPAK
_beng
_cPPAK
_erda
082 0 4 _a791.43028
_223
090 0 0 _a791.43028
_bBRO
_dG
090 0 0 _a791.43028
_bBRO
_dR
100 1 _aBrown, Peter Harry,
_eauthor
245 1 4 _aThe MGM girls:
_bbehind the velvet
264 1 _aLondon :
_bHarrap ,
_c1984
300 _axvi, 288 pages :
_billustrations ;
_c25 cm
336 _2rdacontent
_atext
337 _2rdamedia
_aunmediated
338 _2rdacarrier
_avolume
700 _eauthor
942 _ddc
_cB
999 _c8822
_d8822